Understanding machinima :essays on filmmaking in virtual worlds / (Record no. 2454)

000 -LEADER
fixed length control field 02129cam a22002894i 4500
001 - CONTROL NUMBER
control field 17662842
003 - CONTROL NUMBER IDENTIFIER
control field OSt
005 - DATE AND TIME OF LATEST TRANSACTION
control field 20160725101755.0
008 - FIXED-LENGTH DATA ELEMENTS--GENERAL INFORMATION
fixed length control field 130318s2013 nyu b 001 0 eng
010 ## - LIBRARY OF CONGRESS CONTROL NUMBER
LC control number 2013004315
020 ## - INTERNATIONAL STANDARD BOOK NUMBER
International Standard Book Number 9781441104489 (pbk. : alk. paper)
040 ## - CATALOGING SOURCE
Original cataloging agency DLC
Language of cataloging eng
Transcribing agency DLC
Modifying agency DLC
Description conventions rda
042 ## - AUTHENTICATION CODE
Authentication code pcc
050 00 - LIBRARY OF CONGRESS CALL NUMBER
Classification number TR897.74.U53 2013
082 00 - DEWEY DECIMAL CLASSIFICATION NUMBER
Classification number 777
Edition number 23
245 00 - TITLE STATEMENT
Title Understanding machinima :essays on filmmaking in virtual worlds /
Statement of responsibility, etc edited by Jenna Ng.
260 ## - PUBLICATION, DISTRIBUTION, ETC. (IMPRINT)
Place of publication, distribution, etc New York
Name of publisher, distributor, etc Bloomsbury
Date of publication, distribution, etc c2013.
300 ## - PHYSICAL DESCRIPTION
Extent xxvii, 265 pages ;
Dimensions 24 cm
504 ## - BIBLIOGRAPHY, ETC. NOTE
Bibliography, etc Includes bibliographical references and index.
505 0# - FORMATTED CONTENTS NOTE
Formatted contents note Preface / Henry Lowood -- Introduction / Jenna Ng -- Thinking machinima. Machinima: cinema in a minor or multitudinous key? / William Brown and Matthew Holtmeier -- Beyond bullet time: media in the knowable space / Chris Burke -- Be(ing) dazzled: living in machinima / Sheldon Brown -- Moving digital puppets / Michael Nitsche, Ali Mazalek and Paul Clifton -- Facing the audience: a dialogic perspective on the hybrid animated film / Lisbeth Freulunde -- Dangerous sim crossings: framing the second life art machinima / Sarah Higley -- Using machinima. The art of games: machinima and the limits of art games / Larissa Hjorth -- Playing politics: machinima as live performance and document / Joseph DeLappe -- Virtual lens of exposure: aesthetics, theory, and ethics of documentary filmmaking in second Life / Sandra Danilovic -- Call it a vision quest: machinima in a first nations context / Beth Aileen Dillon and Jason Edward Lewis -- World of Chaucer: adaptation, pedagogy, and interdisciplinarity / Chris Moore and Graham Barwell -- A pedagogy of craft: teaching culture analysis with machinima / Jenna Ng and James Barrett -- Agency, simulation, gamification, machinima: an interview with Isabelle Arvers Isabelle Arvers and Jenna Ng.
650 #0 - SUBJECT ADDED ENTRY--TOPICAL TERM
Topical term or geographic name as entry element Machinima films.
650 #0 - SUBJECT ADDED ENTRY--TOPICAL TERM
Topical term or geographic name as entry element Digital cinematography.
700 1# - ADDED ENTRY--PERSONAL NAME
Personal name Ng, Jenna.
906 ## - LOCAL DATA ELEMENT F, LDF (RLIN)
a 7
b cbc
c orignew
d 1
e ecip
f 20
g y-gencatlg
942 ## - ADDED ENTRY ELEMENTS (KOHA)
Source of classification or shelving scheme
Koha item type Book
Holdings
Withdrawn status Lost status Source of classification or shelving scheme Damaged status Not for loan Home library Current library Shelving location Date acquired Total Checkouts Full call number Barcode Date last seen Copy number Price effective from Koha item type
          Riara University Library Riara University Library General stack 25/07/2016   TR897.74.U53 2013 7437/16 25/07/2016 C.1 25/07/2016 Book

Riara University Library,
P.O. Box 49940-00100,
Nairobi, Kenya.